Fecundidad y anticoncepción en Costa Rica 1981: resultados de la segunda encuesta de prevalencia anticonceptiva

Wedi'i Gadw mewn:
Manylion Llyfryddiaeth
Prif Awdur: Rosero Bixby, Luis
Awdur Corfforaethol: Asociación Demográfica Costarricense
Fformat: Texto
Cyhoeddwyd: San José: ADC
Tagiau: Ychwanegu Tag
Dim Tagiau, Byddwch y cyntaf i dagio'r cofnod hwn!

MARC

LEADER 00000 a a2200000 04500
001 23244
003
040
090 |a 160900  
100 |a Rosero Bixby, Luis  
110 |a Asociación Demográfica Costarricense  
245 |a Fecundidad y anticoncepción en Costa Rica 1981: resultados de la segunda encuesta de prevalencia anticonceptiva  
260 |a San José:   |b ADC  
300 |a 109 p   |b **no definido**   |b fonodiscos  
999 |c 15563  |d 15563